Statistics for The Beatles Quiz - Multiple Choice

Click here to take the quiz!

General Stats

  • This quiz has been taken 101 times
  • The average score is 12 of 15

Answer Stats

QuestionAnswer% Correct
Where were The Beatles formed?Liverpool
97%
Complete the name of the song "Lucy in the Sky with ___"Diamonds
95%
On what TV show did The Beatles debut in the US?The Ed Sullivan Show
92%
Which Beatle wrote 'While My Guitar Gently Weeps'?George Harrison
90%
In which German city did The Beatles often play in clubs before breaking through?Hamburg
88%
What was the last studio album released by The Beatles?Let It Be
88%
Ravi Shankar was a mentor to The Beatles on which instrument?Sitar
87%
Who was the first drummer of the Beatles?Pete Best
85%
Which song by The Beatles that mentions an animal was written by Ringo Starr?Octopus's Garden
84%
What year did The Beatles break up?1970
74%
What was the first single released by The Beatles?Love Me Do
73%
Who was the oldest member of The Beatles?Ringo Starr
71%
Which Beatle was the first to cross Abbey Road on the legendary album cover?John Lennon
70%
Which song title was inspired by Paul's dog?Martha, My Dear
65%
What song originally had the working title 'Scrambled Eggs'?Yesterday
62%

Score Distribution

Percentile by Number Answered

Percent of People with Each Score

Your Score History

You have not taken this quiz